Obálka Náhled e-knihy:
Epub
Pro půjčování e-knih musíte být přihlášeni.
Jak si půjčit online?

Spása /

Spása je novela zasazená do světa Lazarovy války – časově do událostí odehrávajících se v druhém dílu nazvaném Legie.Tanja Coetzerová je techničkou na dopravní lodi Edison, která je na rutinní obchodní cestě na vojenskou základnu Liberty Point. Je však také bývalou trestankyní, nesoucí si t...

Celý popis

Uloženo v:
Série:Lazarova válka, část 0
Hlavní autor: Sawyer, Jamie (Autor)
Médium: E-kniha
Jazyk:Czech
Vydáno: Praha : Libor Marchlík, 2022
Příbuzné jednotky:Z cyklu:: Lazarova válka
Tagy:
Žádné tagy
LEADER 01611nam a22002417i 4500
001 311673
007 ta
008 260601s2022 xr ||||| |||| 00| 0 cze d
020 |a 9990003604811 
044 |a xr 
100 1 |a  Sawyer, Jamie  |4 aut 
245 1 0 |a Spása /  |c  Sawyer, Jamie 
240 1 0 |a Redemption 
264 1 |a Praha :  |b Libor Marchlík,  |c 2022 
300 |a 1 online zdroj (97 stran) 
336 |a text  |b txt  |2 rdacontent 
337 |a bez média  |b n  |2 rdamedia 
338 |a online zdroj  |b cr  |2 rdacarrier 
520 2 |a Spása je novela zasazená do světa Lazarovy války – časově do událostí odehrávajících se v druhém dílu nazvaném Legie.Tanja Coetzerová je techničkou na dopravní lodi Edison, která je na rutinní obchodní cestě na vojenskou základnu Liberty Point. Je však také bývalou trestankyní, nesoucí si tajemství ze své minulosti. Tanja doufá, že se na Pointu setká a usmíří se svou matkou. Jejich rodinné setkání však naruší katastrofa, která vesmírnou stanici zasáhne. Posádka Edisonu se náhle ocitne v boji o život – a uprostřed chaosu Tanja zjistí, že není jediným členem posádky s tajemstvím… 
787 0 8 |g 0  |i Z cyklu:  |t Lazarova válka 
910 |a RBIT002 
998 |d 360481  |a https://core.palmknihy.cz/api/books/360481/cover?rijx8m  |b https://core.palmknihy.cz/api/books/360481/cover/400?rijx8m  |c https://core.palmknihy.cz/api/books/360481/cover/50?rijx8m  |e 2027-01-14  |g 97  |i 9990003604811  |j https://core.palmknihy.cz/api/books/360481/preview.epub  |l   |q 49  |r 1  |s https://www.palmknihy.cz/kniha/360481  |t ebook  |y 2022  |z 1  |v Lazarova válka  |w 0 
999 |d 311671